| 000 | 00777nam a22002177a 4500 | ||
|---|---|---|---|
| 003 | 0 | ||
| 005 | 20250927083229.0 | ||
| 008 | 250927b xxu||||| |||| 00| 0 eng d | ||
| 020 | _a978-1-77956-352-1 | ||
| 050 |
_aHG 3368.I7 _b.H36 2025 |
||
| 100 |
_aHamdani, Mohamed Amine, _eauthor. |
||
| 245 |
_aIntroduction to Islamic banking & finance / _cMohamed Amine Hamdani. |
||
| 260 |
_aCanada : _bSociety Publishing, _c2025. |
||
| 300 |
_aix, 189 pages : _bcolored illustrations ; _c24 cm. |
||
| 504 | _aIncludes bibliographical references and index. | ||
| 650 | _aIslamic banks and banking. | ||
| 650 |
_aFinance _xReligious aspects _vIslam. |
||
| 650 |
_aBanks and banking _xReligious aspects _vIslam. |
||
| 650 |
_aFinancial institutions _xIslamic countries. |
||
| 942 |
_2lcc _cBK |
||
| 999 |
_c368125 _d368125 |
||